[Event "Chigorin Memorial 2008"]
[Site "St. Petersburg RUS"]
[Date "2008.10.05"]
[Round "3.47"]
[White "Dushin, Nikolay"]
[Black "Yakovich, Yuri"]
[Result "0-1"]
[WhiteElo "2026"]
[BlackElo "2567"]
[PlyCount "86"]
[EventDate "2008.10.03"]
[EventType "swiss"]
[EventRounds "9"]
[EventCountry "RUS"]
[Source "lmi"]
[SourceDate "2008.10.03"]

1. d4 Nf6 2. c4 e6 3. g3 d5 4. Bg2 dxc4 5. Qa4+ Nbd7 6. Nf3 a6 7. Qxc4 b5 8.
Qc2 Bb7 9. Nbd2 c5 10. O-O Rc8 11. dxc5 Bxc5 12. Qd3 O-O 13. Ng5 Bxg2 14. Kxg2
Qb6 15. Nde4 Rfd8 16. Qf3 h6 17. Nxf6+ Nxf6 18. Ne4 Nxe4 19. Qxe4 Bd4 20. Rb1
f5 21. Qf3 Rc2 22. Rd1 Kh7 23. h4 Bf6 24. Rf1 Qc5 25. e4 Bd4 26. exf5 Qxf5 27.
Qxf5+ exf5 28. Kf3 Re8 29. Be3 Bxb2 30. Rfd1 Bf6 31. a4 bxa4 32. Rd3 Bb2 33.
Rd5 a3 34. Ra5 Rc6 35. Rd1 Re5 36. Ra4 Re4 37. Ra5 Re5 38. Ra4 a5 39. Rd3 Ra6
40. Bd2 Re4 41. Rdxa3 Bxa3 42. Rxa3 a4 43. Be3 Rb4 0-1

[Event "Chigorin Memorial 2008"]
[Site "St. Petersburg RUS"]
[Date "2008.10.05"]
[Round "3.48"]
[White "Orlov, Oleg"]
[Black "Prelovskij, Rudolf"]
[Result "1/2-1/2"]
[WhiteElo "2333"]
[BlackElo "2137"]
[PlyCount "61"]
[EventDate "2008.10.03"]
[EventType "swiss"]
[EventRounds "9"]
[EventCountry "RUS"]
[Source "lmi"]
[SourceDate "2008.10.03"]

1. Nf3 Nf6 2. c4 d6 3. d4 Nbd7 4. Nc3 c6 5. g3 e5 6. Bg2 Be7 7. O-O O-O 8. e4
Re8 9. h3 Qc7 10. Be3 Nf8 11. Re1 Ng6 12. Qc2 h6 13. Rad1 Bf8 14. b4 b6 15. b5
Bd7 16. bxc6 Bxc6 17. Rc1 Rac8 18. Qb1 Qb7 19. Nd5 Nd7 20. h4 exd4 21. Nxd4
Bxd5 22. exd5 Nde5 23. Nc6 Nxc6 24. dxc6 Qc7 25. f4 Ne7 26. Bh3 f5 27. Bxf5
Nxf5 28. Qxf5 Qxc6 29. Kf2 Re4 30. Qd5+ Kh8 31. Qf7 1/2-1/2

[Event "Chigorin Memorial 2008"]
[Site "St. Petersburg RUS"]
[Date "2008.10.05"]
[Round "3.49"]
[White "Melnikov, Dmitry"]
[Black "Atlas, Eduard"]
[Result "1-0"]
[WhiteElo "2280"]
[BlackElo "2067"]
[PlyCount "129"]
[EventDate "2008.10.03"]
[EventType "swiss"]
[EventRounds "9"]
[EventCountry "RUS"]
[Source "lmi"]
[SourceDate "2008.10.03"]

1. e4 c5 2. Nf3 d6 3. d4 cxd4 4. Nxd4 Nf6 5. Nc3 e6 6. Be3 a6 7. f3 Be7 8. Qd2
O-O 9. O-O-O Qc7 10. g4 Nc6 11. g5 Nd7 12. h4 Nxd4 13. Bxd4 Ne5 14. Qf2 b5 15.
f4 Nc6 16. Bb6 Qb7 17. Bg2 Rb8 18. Be3 Qc7 19. Kb1 Rd8 20. h5 Bf8 21. g6 h6 22.
gxf7+ Qxf7 23. Qg3 Kh8 24. Rhf1 Ne7 25. Ne2 Qxh5 26. Bf3 Qg6 27. Qh2 Qf7 28.
Bh5 g6 29. Bg4 Kh7 30. Rh1 Ng8 31. Nd4 Bd7 32. Nf3 Be7 33. f5 Qg7 34. fxg6+
Qxg6 35. Rdg1 Qf6 36. Bh5 Be8 37. Bg5 Qf8 38. Bxe8 Rxe8 39. Bxe7 Rxe7 40. Qxd6
Rd8 41. Ng5+ Kh8 42. Qe5+ Qg7 43. Nf7+ Rxf7 44. Rxg7 Rxg7 45. Qxe6 Rgd7 46. a3
Rd6 47. Qe5+ Kh7 48. Qf5+ Kh8 49. e5 Rd1+ 50. Rxd1 Rxd1+ 51. Ka2 Rd8 52. e6 Re8
53. Kb3 Re7 54. Kb4 Kg7 55. Ka5 Nf6 56. Kxa6 Ne8 57. Qe5+ Kg6 58. Qe4+ Kg5 59.
Qe5+ Kg6 60. Kxb5 Nc7+ 61. Kc5 h5 62. Qg3+ Kf6 63. Qh4+ Kxe6 64. Qxh5 Kd7 65.
Qf5+ 1-0

[Event "Chigorin Memorial 2008"]
[Site "St. Petersburg RUS"]
[Date "2008.10.05"]
[Round "3.50"]
[White "Frakin, Nikolay"]
[Black "Vunder, Andrey"]
[Result "1/2-1/2"]
[WhiteElo "1953"]
[BlackElo "2261"]
[PlyCount "61"]
[EventDate "2008.10.03"]
[EventType "swiss"]
[EventRounds "9"]
[EventCountry "RUS"]
[Source "lmi"]
[SourceDate "2008.10.03"]

1. e4 e6 2. d4 d5 3. Nc3 Nf6 4. e5 Nfd7 5. f4 c5 6. Nf3 Nc6 7. Be3 a6 8. g3 b5
9. Bg2 b4 10. Ne2 a5 11. O-O Ba6 12. Re1 Qb6 13. c3 g6 14. Bf1 h5 15. h3 Be7
16. Nc1 Bxf1 17. Rxf1 c4 18. Ne2 a4 19. Qd2 b3 20. a3 O-O-O 21. Kg2 Na7 22. Ng5
Rdf8 23. Ng1 Bxg5 24. fxg5 Nc6 25. h4 Ne7 26. Nf3 Nf5 27. Bf4 Nb8 28. Rfe1 Nc6
29. Rad1 Nce7 30. Nh2 Kb7 31. Nf1 1/2-1/2

[Event "Chigorin Memorial 2008"]
[Site "St. Petersburg RUS"]
[Date "2008.10.05"]
[Round "3.51"]
[White "Pogosian, Manvel"]
[Black "Obrezchikov, Mikhail"]
[Result "1-0"]
[WhiteElo "2256"]
[BlackElo "1986"]
[PlyCount "83"]
[EventDate "2008.10.03"]
[EventType "swiss"]
[EventRounds "9"]
[EventCountry "RUS"]
[Source "lmi"]
[SourceDate "2008.10.03"]

1. d4 Nf6 2. Nf3 b6 3. c4 Bb7 4. g3 d6 5. Bg2 Nbd7 6. Nc3 e6 7. O-O Be7 8. d5
e5 9. Ne1 O-O 10. f4 exf4 11. gxf4 Kh8 12. e4 Qc8 13. Nd3 Nc5 14. Nxc5 bxc5 15.
e5 Ng8 16. Qd3 f5 17. b3 a6 18. Bb2 Qe8 19. Rae1 Qh5 20. Rf3 Nh6 21. Rh3 Qg4
22. Ne2 Bh4 23. Rf1 Rae8 24. Kh1 dxe5 25. fxe5 f4 26. Be4 Qg5 27. Rhf3 Ng4 28.
e6 Qh6 29. Nxf4 Kg8 30. Nh3 Rxf3 31. Qxf3 Nf6 32. Qf5 g6 33. Qe5 Qe3 34. Bg2
Qxe5 35. Bxe5 Ng4 36. Bxc7 Ne3 37. Rf3 Nxg2 38. Kxg2 g5 39. Re3 g4 40. Nf4 Bg5
41. Kg3 h5 42. Re2 1-0

[Event "Chigorin Memorial 2008"]
[Site "St. Petersburg RUS"]
[Date "2008.10.05"]
[Round "3.52"]
[White "Timofeev, Andrei"]
[Black "Kopasov, Evgeny"]
[Result "1-0"]
[WhiteElo "2205"]
[BlackElo "2046"]
[PlyCount "135"]
[EventDate "2008.10.03"]
[EventType "swiss"]
[EventRounds "9"]
[EventCountry "RUS"]
[Source "lmi"]
[SourceDate "2008.10.03"]

1. c4 e5 2. Nc3 Nc6 3. Nf3 g6 4. g3 Bg7 5. Bg2 d6 6. Rb1 a5 7. a3 f5 8. d3 Nf6
9. O-O O-O 10. b4 axb4 11. axb4 h6 12. Ne1 Rb8 13. Nc2 Ne7 14. b5 Be6 15. Bd2
d5 16. cxd5 Nexd5 17. Nxd5 Nxd5 18. Qc1 g5 19. Nb4 Rf7 20. Nxd5 Bxd5 21. e4 Be6
22. exf5 Bxf5 23. Be4 Bxe4 24. dxe4 Qd3 25. Rb4 Ra8 26. Be3 Rd7 27. Qc4+ Qxc4
28. Rxc4 Ra5 29. Rb1 Kf7 30. Kg2 g4 31. h3 h5 32. h4 Bf8 33. Rb2 Ke6 34. Kf1
Be7 35. Ke2 Bf8 36. f4 gxf3+ 37. Kxf3 Rf7+ 38. Kg2 Ra3 39. Bf2 Bd6 40. Rcc2
Rff3 41. Ra2 Kf6 42. Rd2 Rfb3 43. Rxa3 Rxa3 44. b6 Rb3 45. bxc7 Bxc7 46. Rd7
Ba5 47. Rd6+ Kg7 48. Rd5 Bc3 49. Rd7+ Kg6 50. Rd6+ Kg7 51. Rd3 b5 52. g4 hxg4
53. Kg3 b4 54. Kxg4 Rb2 55. Bc5 Rg2+ 56. Kf5 Rh2 57. Rd7+ Kg8 58. Rd8+ Kg7 59.
Rd7+ Kg8 60. Rb7 Rxh4 61. Be3 Rh2 62. Bg5 Rf2+ 63. Kg6 Bd4 64. Rb8+ Rf8 65.
Rxb4 Rc8 66. Rb7 Rc6+ 67. Bf6 Rc8 68. Rh7 1-0

[Event "Chigorin Memorial 2008"]
[Site "St. Petersburg RUS"]
[Date "2008.10.05"]
[Round "3.55"]
[White "Kluchik, Julia"]
[Black "Kuzevanova, Evgenia"]
[Result "1-0"]
[WhiteElo "1951"]
[BlackElo "2179"]
[PlyCount "73"]
[EventDate "2008.10.03"]
[EventType "swiss"]
[EventRounds "9"]
[EventCountry "RUS"]
[Source "lmi"]
[SourceDate "2008.10.03"]

1. d4 Nf6 2. c4 g6 3. Nc3 d5 4. e3 Bg7 5. Nf3 O-O 6. cxd5 Nxd5 7. Bc4 Nxc3 8.
bxc3 c5 9. O-O Nc6 10. Qe2 a6 11. a4 Bg4 12. Ba3 cxd4 13. cxd4 Rc8 14. Rac1 Qa5
15. Bb3 b5 16. Rc5 Qb6 17. axb5 Na5 18. Ba4 axb5 19. Qxb5 Qxb5 20. Rxb5 Nc4 21.
Bxe7 Rfe8 22. Rb7 Na5 23. Ra7 Nc6 24. Bxc6 Rxc6 25. Bc5 Bf6 26. Rb1 Rd8 27. h3
Be6 28. Rbb7 Re8 29. Nd2 Bd5 30. Rb4 Rxc5 31. dxc5 Bc3 32. Rb1 Bxd2 33. Rd1 Rc8
34. Rxd2 Rxc5 35. Kh2 h5 36. Re7 Kf8 37. Re5 1-0

[Event "Chigorin Memorial 2008"]
[Site "St. Petersburg RUS"]
[Date "2008.10.05"]
[Round "3.56"]
[White "Korchagina, Viktoria"]
[Black "Sarkisov, Vladimir"]
[Result "1-0"]
[WhiteElo "2176"]
[BlackElo "1964"]
[PlyCount "109"]
[EventDate "2008.10.03"]
[EventType "swiss"]
[EventRounds "9"]
[EventCountry "RUS"]
[Source "lmi"]
[SourceDate "2008.10.03"]

1. e4 e5 2. Nf3 Nc6 3. Bb5 a6 4. Ba4 Nf6 5. O-O Be7 6. Re1 b5 7. Bb3 O-O 8. h3
d6 9. c3 Na5 10. Bc2 c5 11. d4 Qc7 12. Nbd2 Re8 13. Nf1 Bf8 14. d5 g6 15. g4
Nd7 16. Ng3 f6 17. Kg2 Bg7 18. Rh1 Nf8 19. b3 Nb7 20. a4 Bd7 21. c4 bxa4 22.
bxa4 Nd8 23. Ne1 Nf7 24. h4 Ra7 25. Ra3 h6 26. Nf1 Bc8 27. Rg3 g5 28. hxg5 fxg5
29. Ne3 Ng6 30. Nf5 Bxf5 31. gxf5 Nf4+ 32. Kg1 Rb7 33. Ng2 Reb8 34. Ne3 Rb1 35.
Bxb1 Rxb1 36. Kh2 h5 37. Qc2 Qb8 38. Ba3 Rxh1+ 39. Kxh1 Qd8 40. Bc1 g4 41. Ng2
Bh6 42. f3 Nxg2 43. Kxg2 Bf4 44. fxg4 Bxg3 45. Kxg3 hxg4 46. Kxg4 Qf6 47. Qg2
Kf8 48. Qg3 Qd8 49. Kh5 Qf6 50. Qg6 Qxg6+ 51. Kxg6 Nd8 52. Kf6 Nb7 53. Bd2 Ke8
54. Ke6 Kd8 55. f6 1-0

[Event "Chigorin Memorial 2008"]
[Site "St. Petersburg RUS"]
[Date "2008.10.05"]
[Round "3.58"]
[White "Platonova, Lubov"]
[Black "Bodnaruk, Anastasia"]
[Result "0-1"]
[WhiteElo "1919"]
[BlackElo "2381"]
[PlyCount "64"]
[EventDate "2008.10.03"]
[EventType "swiss"]
[EventRounds "9"]
[EventCountry "RUS"]
[Source "lmi"]
[SourceDate "2008.10.03"]

1. c4 g6 2. Nc3 Bg7 3. g3 d6 4. Bg2 e5 5. e4 Ne7 6. Nge2 Be6 7. d3 O-O 8. O-O
c6 9. f4 f5 10. Rb1 Nd7 11. b3 Nf6 12. d4 Ng4 13. d5 cxd5 14. exd5 Bf7 15. fxe5
dxe5 16. Kh1 e4 17. h3 Ne5 18. Nb5 a6 19. Nbc3 Nd3 20. Be3 b5 21. Nxe4 fxe4 22.
Bxe4 Ne5 23. Bf4 Qd7 24. Kh2 bxc4 25. Bxe5 Bxe5 26. bxc4 Rac8 27. Qb3 Qd6 28.
Kg2 Rc5 29. Nf4 Rfc8 30. Rbc1 Bxf4 31. Rxf4 Bxd5 32. Rcf1 Bxc4 0-1

[Event "Chigorin Memorial 2008"]
[Site "St. Petersburg RUS"]
[Date "2008.10.05"]
[Round "3.59"]
[White "Vrublevskaya, Olga"]
[Black "Balaian, Alina"]
[Result "0-1"]
[WhiteElo "2106"]
[BlackElo "1934"]
[PlyCount "72"]
[EventDate "2008.10.03"]
[EventType "swiss"]
[EventRounds "9"]
[EventCountry "RUS"]
[Source "lmi"]
[SourceDate "2008.10.03"]

1. d4 Nf6 2. c4 c5 3. d5 b5 4. Nf3 e6 5. e3 exd5 6. cxd5 a6 7. a4 b4 8. Bc4 d6
9. O-O Bg4 10. Nbd2 Nbd7 11. Qb3 a5 12. e4 Be7 13. Ne1 Ne5 14. Bb5+ Bd7 15.
Bxd7+ Qxd7 16. f4 Qa7 17. Nc4 Nxc4 18. Qxc4 Qa6 19. Qc2 O-O 20. Nf3 Rfe8 21.
Bd2 b3 22. Qxb3 Nxe4 23. Rfe1 Bf6 24. Qc2 Nxd2 25. Qxd2 Reb8 26. Rab1 Qc4 27.
b3 Rxb3 28. Rxb3 Qxb3 29. Qxa5 Qxd5 30. Qb5 g6 31. a5 Kg7 32. Re2 Bd4+ 33. Kf1
Bc3 34. a6 Qd1+ 35. Ne1 Qa1 36. Qc4 Bxe1 0-1

[Event "Chigorin Memorial 2008"]
[Site "St. Petersburg RUS"]
[Date "2008.10.05"]
[Round "3.60"]
[White "Efremova, Daria"]
[Black "Zykova, Antonina"]
[Result "0-1"]
[WhiteElo "1933"]
[BlackElo "2092"]
[PlyCount "58"]
[EventDate "2008.10.03"]
[EventType "swiss"]
[EventRounds "9"]
[EventCountry "RUS"]
[Source "lmi"]
[SourceDate "2008.10.03"]

1. e4 c5 2. Nf3 e6 3. g3 Nc6 4. d3 d5 5. Nbd2 Nf6 6. Bg2 b6 7. O-O Bb7 8. c3
Be7 9. Re1 Qc7 10. e5 Nd7 11. Qe2 h6 12. Nf1 O-O-O 13. a3 g5 14. h3 Rdg8 15. b4
h5 16. b5 Na5 17. N3d2 Nf8 18. Bb2 h4 19. d4 g4 20. hxg4 hxg3 21. fxg3 f6 22.
Rac1 fxe5 23. dxe5 Rg5 24. Nh2 c4 25. Ndf3 Bc5+ 26. Nd4 Qh7 27. Nf1 Nd7 28.
Rcd1 Rxe5 29. Qf2 Rxe1 0-1

[Event "Chigorin Memorial 2008"]
[Site "St. Petersburg RUS"]
[Date "2008.10.05"]
[Round "3.62"]
[White "Airumian, Sergei"]
[Black "Fokin, Anatoly"]
[Result "0-1"]
[WhiteElo "2070"]
[BlackElo "1919"]
[PlyCount "94"]
[EventDate "2008.10.03"]
[EventType "swiss"]
[EventRounds "9"]
[EventCountry "RUS"]
[Source "lmi"]
[SourceDate "2008.10.03"]

1. e4 e5 2. Nf3 Nc6 3. Bb5 Nf6 4. Qe2 d6 5. d4 Bd7 6. Bxc6 Bxc6 7. dxe5 Nxe4 8.
exd6 Bxd6 9. Nc3 O-O 10. Nxe4 Bxe4 11. Be3 Bb4+ 12. c3 Bd6 13. O-O Bd3 14. Qd2
Bxf1 15. Rxf1 Qf6 16. Qd5 c6 17. Qb3 b6 18. h4 Qe6 19. Qc2 Qxa2 20. Ng5 g6 21.
f4 Qc4 22. b3 Qb5 23. g4 Rae8 24. c4 Qb4 25. Ne4 Be7 26. Bd2 Qa3 27. f5 Bxh4
28. f6 Rxe4 29. Qxe4 Qxb3 30. Be3 g5 31. Rb1 Qc3 32. Rf1 c5 33. Kg2 a5 34. Bf2
Qb2 35. Kg1 Bxf2+ 36. Rxf2 Qd4 37. Qf3 Re8 38. Qf5 Re1+ 39. Kh2 Qe5+ 40. Qxe5
Rxe5 41. Rd2 Re8 42. Rd7 h6 43. Re7 Rd8 44. Re3 Kh7 45. Kg2 Kg6 46. Rh3 Rd2+
47. Kf1 Rd6 0-1

[Event "Chigorin Memorial 2008"]
[Site "St. Petersburg RUS"]
[Date "2008.10.05"]
[Round "3.68"]
[White "Karataev, Oleg"]
[Black "Fedoseeva, Valentina"]
[Result "1-0"]
[WhiteElo "1965"]
[BlackElo "1756"]
[PlyCount "79"]
[EventDate "2008.10.03"]
[EventType "swiss"]
[EventRounds "9"]
[EventCountry "RUS"]
[Source "lmi"]
[SourceDate "2008.10.03"]

1. d4 Nf6 2. Nf3 e6 3. Bf4 Nc6 4. c3 d5 5. e3 Bd6 6. Bg3 O-O 7. Bd3 Bxg3 8.
hxg3 h6 9. Nbd2 Nd7 10. Qb3 Re8 11. O-O-O Nb6 12. Qc2 e5 13. dxe5 Nxe5 14. Nxe5
Rxe5 15. Nf3 Re8 16. e4 Qf6 17. exd5 Bg4 18. Rh4 Bxf3 19. gxf3 Qxf3 20. Rf4 Qh5
21. Bh7+ Kh8 22. Rf5 Qe2 23. Rxf7 Qxc2+ 24. Bxc2 Rac8 25. Bf5 Rf8 26. Bxc8 Rxf7
27. Bxb7 Rxf2 28. d6 cxd6 29. Rxd6 Nc4 30. Rd8+ Kh7 31. Be4+ g6 32. Rd7+ Kh8
33. b3 Re2 34. Bxg6 Ne5 35. Rd8+ Kg7 36. Bc2 Re3 37. Kb2 Rxg3 38. a3 Rg2 39. b4
h5 40. b5 1-0

[Event "Chigorin Memorial 2008"]
[Site "St. Petersburg RUS"]
[Date "2008.10.06"]
[Round "4.1"]
[White "Eliseev, Alexei"]
[Black "Savchenko, Boris"]
[Result "1/2-1/2"]
[WhiteElo "2395"]
[BlackElo "2648"]
[PlyCount "92"]
[EventDate "2008.10.03"]
[EventType "swiss"]
[EventRounds "9"]
[EventCountry "RUS"]
[Source "lmi"]
[SourceDate "2008.10.03"]

1. b3 e6 2. Bb2 c5 3. Nf3 Nf6 4. e3 b6 5. Be2 Bb7 6. O-O d5 7. c4 Nbd7 8. Nc3
Bd6 9. cxd5 exd5 10. d4 O-O 11. Rc1 Rc8 12. Rc2 a6 13. dxc5 bxc5 14. Re1 Re8
15. Bf1 d4 16. Nb1 Ng4 17. h3 Nge5 18. Nxe5 Nxe5 19. Nd2 Qg5 20. exd4 Nd3 21.
Rxe8+ Rxe8 22. Nf3 Nxb2 23. Rxb2 Bxf3 24. Qxf3 cxd4 25. g3 Rd8 26. Kg2 Qc1 27.
Re2 a5 28. Re4 Qc3 29. Qf5 Qc5 30. Qf3 Be7 31. Rf4 Bf6 32. Bc4 Qc7 33. a4 h6
34. Rf5 Kf8 35. Rb5 Rb8 36. Qd5 Rd8 37. Rb7 Rxd5 38. Rxc7 Rd6 39. Rxf7+ Ke8 40.
Kf1 d3 41. Ke1 d2+ 42. Kd1 Bc3 43. Rc7 Kd8 44. Rc5 Bb4 45. Rd5 Rxd5 46. Bxd5 g5
1/2-1/2

[Event "Chigorin Memorial 2008"]
[Site "St. Petersburg RUS"]
[Date "2008.10.06"]
[Round "4.2"]
[White "Belov, Vladimir"]
[Black "Vysochin, Spartak"]
[Result "1-0"]
[WhiteElo "2579"]
[BlackElo "2520"]
[PlyCount "75"]
[EventDate "2008.10.03"]
[EventType "swiss"]
[EventRounds "9"]
[EventCountry "RUS"]
[Source "lmi"]
[SourceDate "2008.10.03"]

1. e4 e6 2. d4 d5 3. Nc3 Nf6 4. e5 Nfd7 5. f4 c5 6. Nf3 Nc6 7. Be3 a6 8. Qd2 b5
9. a3 g5 10. fxg5 cxd4 11. Nxd4 Ncxe5 12. Bd3 Bg7 13. O-O O-O 14. Nce2 Ng4 15.
c3 Nde5 16. Bc2 Ng6 17. Kh1 Nxe3 18. Qxe3 Qb6 19. Qd2 e5 20. Nf5 Bxf5 21. Rxf5
d4 22. cxd4 exd4 23. Raf1 Rad8 24. Bd3 Qe6 25. Nf4 Qe3 26. Qd1 Rfe8 27. Rxf7
Kxf7 28. Bxg6+ hxg6 29. Nd5+ Kg8 30. Nxe3 Rxe3 31. h4 d3 32. Qb3+ Kh8 33. h5
Re4 34. g3 d2 35. Qd1 Bxb2 36. Kg2 Be5 37. hxg6 Kg7 38. Qf3 1-0

[Event "Chigorin Memorial 2008"]
[Site "St. Petersburg RUS"]
[Date "2008.10.06"]
[Round "4.3"]
[White "Sjugirov, Sanan"]
[Black "Rozum, Ivan"]
[Result "1-0"]
[WhiteElo "2549"]
[BlackElo "2439"]
[PlyCount "107"]
[EventDate "2008.10.03"]
[EventType "swiss"]
[EventRounds "9"]
[EventCountry "RUS"]
[Source "lmi"]
[SourceDate "2008.10.03"]

1. e4 c6 2. d4 d5 3. e5 Bf5 4. Nf3 e6 5. Be2 Ne7 6. O-O Nd7 7. c3 Nc8 8. Nbd2
Be7 9. Ne1 O-O 10. f4 Bg6 11. Bd3 Bxd3 12. Nxd3 f5 13. exf6 Rxf6 14. Re1 Nd6
15. Nf1 Ne4 16. Ng3 Nxg3 17. hxg3 c5 18. Be3 c4 19. Nf2 Bd6 20. Bd2 Nf8 21. Qc2
Qd7 22. Re2 Qf7 23. Re3 Qg6 24. Qa4 Qe8 25. Qc2 Qg6 26. Qa4 Qe8 27. Qd1 Qg6 28.
Rc1 Rb8 29. Qf3 b5 30. Re2 Rf7 31. Ng4 a5 32. a3 Kh8 33. Rce1 Rfb7 34. Ne5 Bxe5
35. Rxe5 Qc2 36. R5e2 Rf7 37. Bc1 Qg6 38. g4 b4 39. axb4 axb4 40. Rf2 bxc3 41.
bxc3 Rd8 42. f5 exf5 43. gxf5 Qc6 44. Bg5 Ra8 45. Rfe2 h6 46. Bh4 Raa7 47. Re5
Rad7 48. Qh5 Nh7 49. Be7 g6 50. Qh3 Qb7 51. f6 Rc7 52. Bf8 Rxf8 53. Re7 Rf7 54.
Qe6 1-0

[Event "Chigorin Memorial 2008"]
[Site "St. Petersburg RUS"]
[Date "2008.10.06"]
[Round "4.5"]
[White "Gubajdullin, Alexei"]
[Black "Aleksandrov, Aleksej"]
[Result "1/2-1/2"]
[WhiteElo "2462"]
[BlackElo "2617"]
[PlyCount "23"]
[EventDate "2008.10.03"]
[EventType "swiss"]
[EventRounds "9"]
[EventCountry "RUS"]
[Source "lmi"]
[SourceDate "2008.10.03"]

1. e4 e5 2. Nf3 Nc6 3. Bb5 Nf6 4. O-O Nxe4 5. Qe2 Nf6 6. Bxc6 dxc6 7. Qxe5+ Qe7
8. Qa5 Qd8 9. Qe5+ Qe7 10. Qa5 Qd8 11. Qe5+ Qe7 12. Qa5 1/2-1/2

[Event "Chigorin Memorial 2008"]
[Site "St. Petersburg RUS"]
[Date "2008.10.06"]
[Round "4.7"]
[White "Vorobiov, Evgeny E"]
[Black "Mikkelsen, Nikolaj"]
[Result "1-0"]
[WhiteElo "2577"]
[BlackElo "2441"]
[PlyCount "95"]
[EventDate "2008.10.03"]
[EventType "swiss"]
[EventRounds "9"]
[EventCountry "RUS"]
[Source "lmi"]
[SourceDate "2008.10.03"]

1. Nf3 Nf6 2. c4 g6 3. Nc3 d5 4. Qa4+ Bd7 5. Qb3 dxc4 6. Qxc4 Nc6 7. d4 Bg7 8.
e4 O-O 9. Be3 Bg4 10. d5 Bxf3 11. gxf3 Na5 12. Qb4 c6 13. Rd1 Qc7 14. d6 exd6
15. Qxd6 Ne8 16. Qd2 Qe7 17. h4 Bf6 18. h5 Ng7 19. hxg6 hxg6 20. Qd6 Qxd6 21.
Rxd6 Ne6 22. f4 Rfd8 23. Rxd8+ Rxd8 24. e5 Be7 25. Bxa7 Bb4 26. Bb6 Rd5 27. Be3
Nd4 28. Kd1 Bxc3 29. bxc3 Nb5+ 30. Kc2 Na3+ 31. Kc1 N5c4 32. Bxc4 Nxc4 33. Rd1
Rxd1+ 34. Kxd1 Kf8 35. Kc2 b5 36. Kb3 Ke7 37. Kb4 Nb2 38. Kb3 Nd3 39. c4 Kd7
40. Kc3 Ne1 41. Kd4 Kc7 42. cxb5 cxb5 43. Kc5 Kb7 44. Kxb5 Nd3 45. a4 g5 46.
Kc4 Nb2+ 47. Kb3 Nd3 48. Kc3 1-0

[Event "Chigorin Memorial 2008"]
[Site "St. Petersburg RUS"]
[Date "2008.10.06"]
[Round "4.8"]
[White "Lovkov, Roman"]
[Black "Demchenko, Anton"]
[Result "0-1"]
[WhiteElo "2434"]
[BlackElo "2510"]
[PlyCount "114"]
[EventDate "2008.10.03"]
[EventType "swiss"]
[EventRounds "9"]
[EventCountry "RUS"]
[Source "lmi"]
[SourceDate "2008.10.03"]

1. e4 e5 2. Nf3 Nc6 3. Bb5 a6 4. Ba4 d6 5. c3 Bd7 6. O-O g6 7. d4 Bg7 8. Bg5 f6
9. Be3 Nh6 10. h3 Nf7 11. Nh2 O-O 12. f4 exf4 13. Bxf4 f5 14. Nd2 Kh8 15. Bc2
Ne7 16. Nhf3 fxe4 17. Nxe4 Nd5 18. Bd2 Bf5 19. Ng3 Bxc2 20. Qxc2 Nf6 21. Rf2
Qd7 22. Raf1 Rae8 23. Nh4 Nd8 24. c4 d5 25. Bg5 Ng8 26. Rxf8 Rxf8 27. Rxf8 Bxf8
28. Bf4 Nc6 29. Nf3 Bg7 30. cxd5 Nxd4 31. Qe4 Nxf3+ 32. Qxf3 Ne7 33. b3 Qxd5
34. Qe2 Qd4+ 35. Be3 Qe5 36. Qf3 Nd5 37. Bf2 Kg8 38. Qg4 Qe8 39. Ne4 h5 40. Qf3
c6 41. Nc5 Qe7 42. Qd3 Kh7 43. a4 a5 44. Ne4 Qe5 45. Qf3 Kg8 46. Bg3 Qd4+ 47.
Bf2 Qa1+ 48. Kh2 Qe5+ 49. Bg3 Qe7 50. Bf2 Be5+ 51. Kg1 Kg7 52. Nc5 b6 53. Ne4
Qf7 54. Qe2 Qf4 55. g3 Qf5 56. Kg2 c5 57. Qd3 Nf6 0-1

[Event "Chigorin Memorial 2008"]
[Site "St. Petersburg RUS"]
[Date "2008.10.06"]
[Round "4.9"]
[White "Slugin, Sergey"]
[Black "Kislinsky, Alexey"]
[Result "1/2-1/2"]
[WhiteElo "2431"]
[BlackElo "2492"]
[PlyCount "74"]
[EventDate "2008.10.03"]
[EventType "swiss"]
[EventRounds "9"]
[EventCountry "RUS"]
[Source "lmi"]
[SourceDate "2008.10.03"]

1. d4 d5 2. Nf3 Nf6 3. c4 c6 4. e3 g6 5. Nc3 Bg7 6. Be2 O-O 7. O-O dxc4 8. Bxc4
Bg4 9. h3 Bxf3 10. Qxf3 Nbd7 11. Rd1 e5 12. Bb3 Qe7 13. dxe5 Nxe5 14. Qe2 Rad8
15. f4 Rxd1+ 16. Bxd1 Ned7 17. e4 Nc5 18. e5 Nd5 19. Nxd5 cxd5 20. Be3 Rd8 21.
b4 Ne6 22. Bd2 f6 23. exf6 Qxf6 24. Rc1 Nxf4 25. Qf2 Nd3 26. Qxf6 Bxf6 27. Rc7
Bd4+ 28. Kf1 Nf2 29. Bg5 Rf8 30. Bf3 Ne4 31. Bh6 Re8 32. Bxe4 dxe4 33. Rxb7 e3
34. Ke2 Rc8 35. Kd3 Rd8 36. Ke2 Rc8 37. Kd3 Rd8 1/2-1/2

[Event "Chigorin Memorial 2008"]
[Site "St. Petersburg RUS"]
[Date "2008.10.06"]
[Round "4.10"]
[White "Burmakin, Vladimir"]
[Black "Malakhov, Igor"]
[Result "1/2-1/2"]
[WhiteElo "2625"]
[BlackElo "2346"]
[PlyCount "306"]
[EventDate "2008.10.03"]
[EventType "swiss"]
[EventRounds "9"]
[EventCountry "RUS"]
[Source "lmi"]
[SourceDate "2008.10.03"]

1. d4 Nf6 2. c4 c5 3. d5 e6 4. Nc3 exd5 5. cxd5 d6 6. Nf3 g6 7. e4 Bg7 8. Bb5+
Nbd7 9. a4 O-O 10. O-O Re8 11. Re1 a6 12. Bf1 Qc7 13. h3 Rb8 14. Bf4 Nh5 15.
Bh2 c4 16. a5 b5 17. axb6 Rxb6 18. g4 Nhf6 19. Nd2 Rb4 20. Ra4 Rxa4 21. Qxa4
Nb6 22. Qa5 Nbxd5 23. Qxc7 Nxc7 24. Nxc4 d5 25. Nd6 Rf8 26. e5 Nd7 27. Na4 Nb5
28. Nxb5 axb5 29. Bxb5 d4 30. f4 Nb8 31. Nc5 Rd8 32. Nd3 Bf8 33. Kf2 Na6 34.
Ra1 Nc7 35. Bc4 Be6 36. Rc1 Nd5 37. Kf3 Kg7 38. Bg1 h5 39. Bf2 hxg4+ 40. hxg4
Kg8 41. b3 Nb4 42. Rd1 Nxd3 43. Rxd3 Bc5 44. Bxe6 fxe6 45. Ke4 Rb8 46. Bg3 Kg7
47. Bf2 Kg8 48. Bg3 Rb7 49. f5 gxf5+ 50. gxf5 exf5+ 51. Kxf5 Kf7 52. Bh4 Rb5
53. Bg5 Be7 54. Bf4 Bd8 55. Ke4 Ke6 56. Rg3 Be7 57. Rd3 Bf8 58. Kxd4 Rb4+ 59.
Ke3 Bg7 60. Bg3 Bxe5 61. Be1 Rb7 62. Ke4 Rg7 63. Rh3 Rg4+ 64. Kd3 Bd6 65. Rh6+
Kd5 66. Rh5+ Kc6 67. Bf2 Rb4 68. Kc3 Rg4 69. Bd4 Be7 70. Rf5 Rg5 71. Rf3 Bc5
72. Bf6 Rg4 73. Be5 Re4 74. Bf4 Bd6 75. Be3 Kd5 76. Rh3 Be5+ 77. Kd3 Rb4 78.
Kc2 Rg4 79. Bd2 Rg2 80. Rh5 Ke4 81. Rh4+ Kd5 82. Kd3 Rh2 83. Ra4 Rh3+ 84. Be3
Bc7 85. Rb4 Bd6 86. Rc4 Bb8 87. Ra4 Bc7 88. Rb4 Bd6 89. Rb5+ Kc6 90. Rf5 Bb8
91. Kd2 Bd6 92. Kd3 Bb8 93. Rc5+ Kd7 94. Rf5 Kc6 95. Ke2 Rh2+ 96. Kd3 Rh3 97.
b4 Bc7 98. b5+ Kd6 99. Rf6+ Ke5 100. b6 Bxb6 101. Rxb6 Kd5 102. Rb5+ Kc6 103.
Rf5 Kd6 104. Ke4 Kc6 105. Bd4 Rh4+ 106. Kd3 Rh1 107. Kc4 Rc1+ 108. Bc3 Kd6 109.
Rf6+ Ke7 110. Ra6 Kf7 111. Kd3 Ke7 112. Be5 Rd1+ 113. Ke4 Kd7 114. Bd4 Ke7 115.
Kd5 Kf7 116. Rf6+ Ke7 117. Rg6 Kf8 118. Rg4 Kf7 119. Rg7+ Ke8 120. Ke6 Re1+
121. Be5 Rf1 122. Rh7 Rf2 123. Rb7 Rd2 124. Ra7 Rd8 125. Bg3 Rd2 126. Re7+ Kd8
127. Rh7 Kc8 128. Rc7+ Kd8 129. Rb7 Ke8 130. Rb8+ Rd8 131. Rb2 Rd3 132. Bd6
Re3+ 133. Be5 Rd3 134. Rh2 Rf3 135. Rb2 Rd3 136. Bf4 Rd1 137. Rb8+ Rd8 138. Rb3
Rd1 139. Rb7 Re1+ 140. Be5 Rd1 141. Re7+ Kd8 142. Rb7 Ke8 143. Bc3 Rd3 144. Rh7
Re3+ 145. Be5 Rf3 146. Bd4 Rf1 147. Re7+ Kd8 148. Be5 Rd1 149. Bc7+ Kc8 150.
Bf4 Re1+ 151. Be5 Rd1 152. Rc7+ Kd8 153. Rc2 Ke8 1/2-1/2